مكانة الامام ابي حنيفة في الحديث ;; makanat alamam abi hanifat fi alhadith / (Record no. 79058)
[ view plain ]
| 000 -LEADER | |
|---|---|
| fixed length control field | 01037nam a2200217 a 4500 |
| 001 - CONTROL NUMBER | |
| control field | 79058 |
| 003 - CONTROL NUMBER IDENTIFIER | |
| rucl marc code | BD-RjUL |
| 005 - DATE AND TIME OF LATEST TRANSACTION | |
| control field | 20211226095100.0 |
| 008 - FIXED-LENGTH DATA ELEMENTS--GENERAL INFORMATION | |
| fixed length control field | 211223s1996 ii 000 0 ara d |
| 035 ## - SYSTEM CONTROL NUMBER | |
| System control number | (BD-RjUL)79058 |
| 040 ## - CATALOGING SOURCE | |
| Original cataloging agency | HUJI |
| Language of cataloging | ara |
| Transcribing agency | BD-RjUL |
| 041 0# - LANGUAGE CODE | |
| Language code of text/sound track or separate title | ara |
| 082 ## - DEWEY DECIMAL CLASSIFICATION NUMBER | |
| Edition number | 23 |
| Classification number | 297.188092 |
| Author mark and year | NOM 1996 |
| 100 ## - MAIN ENTRY--PERSONAL NAME | |
| Personal name | النعماني، محمد عبد الرشيد بقلم محمد عبد الرشيد النعماني ؛ اعتنى به عبد الفتاح ابو غدة ; ; Al-Nomani, Muhammad Abd al-Rashid, |
| 9 (RLIN) | 350 |
| 245 00 - TITLE STATEMENT | |
| Title | مكانة الامام ابي حنيفة في الحديث ;; makanat alamam abi hanifat fi alhadith / |
| Statement of responsibility, etc. | بقلم محمد عبد الرشيد النعماني ؛ اعتنى به عبد الفتاح ابو غدة. by Muhammad Abd al-Rashid al-Nu'mani; Abd al-Fattah Abu Ghuddah |
| 260 ## - PUBLICATION, DISTRIBUTION, ETC. (IMPRINT) | |
| Place of publication, distribution, etc. | ديوبند;; Deoband |
| Name of publisher, distributor, etc. | اتحاد بك, |
| Date of publication, distribution, etc. | ١٤١٦ هج.، ١٩٩٦. |
| 300 ## - PHYSICAL DESCRIPTION | |
| Pagination | ١٦٣ ص : |
| Illustrations | ٢٤ سم. |
| 600 04 - SUBJECT ADDED ENTRY--PERSONAL NAME | |
| Personal name | Abū Ḥanīfah, |
| Dates associated with a name | -767 or 768. |
| 650 #4 - SUBJECT ADDED ENTRY--TOPICAL TERM | |
| Topical term or geographic name as entry element | Hadith |
| 942 ## - ADDED ENTRY ELEMENTS (KOHA) | |
| Source of classification or shelving scheme | Dewey Decimal Classification |
| Koha item type | Books |
| Lost status | Source of classification or shelving scheme | Damaged status | Not for loan | Collection code | Permanent Location | Current Location | Shelving location | Date acquired | Source of acquisition | Cost, normal purchase price | Full call number | Date last seen | Copy number | Koha item type |
|---|---|---|---|---|---|---|---|---|---|---|---|---|---|---|
| Dewey Decimal Classification | Not For Loan | Non-fiction | Central Library, University of Rajshahi | Central Library, University of Rajshahi | Reading Room | 17/11/2009 | Ahsania Mission, Dhaka | 435.00 | A 297.188092 NOM 1996 | 23/12/2021 | C-1 | Books |